000 00449pab a2200169 454500
008 180718b2006 xxu||||| |||| 00| 0 eng d
100 _aSingh, Mithilesh Kumar
245 _aChallenges of globalization on Indian higher education
260 _c2006
300 _ap.1-9.
362 _a8 May
650 _aGlobalization - India
650 _aHigher education - India
650 _aHigher education
773 _aUniversity News
909 _a69579
999 _c69579
_d69579